000 00802nam a2200217Ia 4500
003 GCL
008 140319s9999 xx 000 0 ara d
040 _aGCL /
_cGCL
082 0 4 _a219.3
_bع ح
100 1 _aعبدالعاطى محمد احمد
245 1 0 _aالحركات الاسلامية فى مصر /
_cعبدالعاطى محمد احمد
250 _aالاولى
260 _aالقاهرة :
_bمركز الاهرام للترجمة والنشر ،
_c1995
300 _a334 ص ؛
_c30 سم
650 0 4 _aالاسلام
650 0 4 _aالاسلام والاصلاح السياسى
650 0 4 _aالاسلام - تاريخ
650 0 4 _aالاسلام والسياسة
650 0 4 _aالاسلام - حركات الاحياء والاصلاح والتجديد
942 _2ddc
_cBK
999 _c47980
_d47980